Décodez le texte - Statistiques

Statistiques générales
  • Ce quiz a été pris 110 fois
  • Le résultat moyen est 32 sur 37
Statistiques - réponses
chiffres lettres % Correct
17 V
96%
26 E
91%
26 E
91%
9 N
90%
21 Z
88%
26 E
87%
26 E
87%
9 N
87%
10 O
87%
13 R
87%
14 S
87%
16 U
87%
25 D
86%
26 E
86%
26 E
86%
4 I
86%
5 J
86%
7 L
86%
9 N
86%
10 O
86%
13 R
86%
13 R
86%
14 S
86%
16 U
86%
26 E
85%
13 R
85%
14 S
85%
13 R
84%
13 R
84%
14 S
84%
16 U
84%
17 V
84%
24 C
83%
25 D
83%
25 D
83%
4 I
83%
10 O
83%
Aucun quiz correspondant
Distribution des résultats
% des personnes avec chaque résultat
Percentile par nombre de réponses
Votre historique - résultats
Vous n’avez pas pris ce quiz